| 000 | 01707nam a2200397 c 4500 | ||
|---|---|---|---|
| 003 | BLK | ||
| 005 | 20180420225422.0 | ||
| 008 | 180408b bul|||||r ||||||| ||bul|| | ||
| 010 | _aKNG00097321000 | ||
| 040 | _aBLK | ||
| 041 |
_aBUL _cBUL |
||
| 072 | 7 |
_2bullib _aН33 _xИкономика Н |
|
| 080 |
_aПазар. Анализ на пазара. Търсене. Предлагане. Конкуренция. Маркетингова логистика _b339.13 _x _z339.13 |
||
| 080 |
_a _b658.6/.8 _x _z658.6/.8 |
||
| 080 |
_aОбщи въпроси на производството (Организация на производствения процес вж 658.5) _b338.3 _x _z338.3 |
||
| 100 | 1 |
_aПетрова, Симеонка Александрова _eпърви автор _9304944 |
|
| 139 |
_aПетрова, Симеонка Александрова _bП 47 |
||
| 245 | 1 | 0 |
_aДистрибуционна политика на икономическите субекти _cСимеонка Александрова Петрова. |
| 257 | _aBGR | ||
| 260 |
_аСвищов _bАкад. изд. Д. А. Ценов _c2009 |
||
| 300 |
_a227 с. _bс табл., сх. _c24 см |
||
| 380 | _a3 | ||
| 490 | 1 |
_aБиблиотека Стопански свят _v100 |
|
| 500 | _aБиблиогр. с. 221-226. | ||
| 650 | 4 |
_aМаркетинг _9161163 |
|
| 650 | 4 |
_aТърговия _9174378 |
|
| 653 | _aдистрибутори | ||
| 653 | _aмаркетинг | ||
| 653 | _aпазарна икономика | ||
| 659 | _aН | ||
| 852 | _aЦб 249254 | ||
| 856 | 4 |
_qpdf _u |
|
| 856 | 4 |
_qpdf _u |
|
| 942 |
_cKNG _n0 |
||
| 944 |
_aCR _c13.10.2010 _lф / _kЛюдмила_Стоянова |
||
| 944 |
_aED _c18.10.2011 _lф / _k |
||
| 999 |
_c92539 _d92539 |
||